=LDR 00000nam 2200000 4500 =001 INLIS000000000007141 =005 20251121111555 =035 ##$$a 0010-1125001015 =007 ta =008 251121###########################0#ind## =082 ##$$a 306.85 =084 ##$$a 306.85 DJO p =100 #$$a Djohan Effendi =245 1#$$a Peningkatan Tanggung Jawab Pria Dalam Keluarga /$c Badan Koordinasi Keluarga Berencana Nasional =260 ##$$a Jakarta :$b Badan Koordinasi Keluarga Berencana Nasional =300 ##$$a 4 Hal : $b Ilus ; $c 21 =650 #4$$a Keluarga Berencana =856 ##$$a Perpustakaan Kemendukbangga